Nghệ thuật ứng xử và mã số thành công
Trình bày những nguyên tắc ứng xử qua các thời đại, kiến thức cơ bản về thế giới tâm linh con người; phương pháp ứng xử được khái quát thành 25 bài học với những ví dụ minh hoạ sinh động
保存先:
| 第一著者: | |
|---|---|
| フォーマット: | 図書 |
| 言語: | Undetermined |
| 出版事項: |
Thành phố Hồ Chí Minh
Nxb. Đại học Sư phạm
2013
|
| 主題: | |
| タグ: |
タグ追加
タグなし, このレコードへの初めてのタグを付けませんか!
|
| Thư viện lưu trữ: | Trung tâm Học liệu Trường Đại học Cần Thơ |
|---|
| LEADER | 00934nam a2200205Ia 4500 | ||
|---|---|---|---|
| 001 | CTU_202907 | ||
| 008 | 210402s9999 xx 000 0 und d | ||
| 020 | |c 33000 | ||
| 082 | |a 158.2 | ||
| 082 | |b Kh107 | ||
| 100 | |a Nguyễn, Công Khanh | ||
| 245 | 0 | |a Nghệ thuật ứng xử và mã số thành công | |
| 245 | 0 | |c Nguyễn Công Khanh | |
| 260 | |a Thành phố Hồ Chí Minh | ||
| 260 | |b Nxb. Đại học Sư phạm | ||
| 260 | |c 2013 | ||
| 520 | |a Trình bày những nguyên tắc ứng xử qua các thời đại, kiến thức cơ bản về thế giới tâm linh con người; phương pháp ứng xử được khái quát thành 25 bài học với những ví dụ minh hoạ sinh động | ||
| 650 | |a Giao tiếp xã hội,Social interaction | ||
| 904 | |i Nguyên | ||
| 980 | |a Trung tâm Học liệu Trường Đại học Cần Thơ | ||